000 00933nam0a22002531 4500
001 rc\888426
005 20250622032107.0
035 _a(NLR Aleph) 006065342
090 _a4950525
_c4950525
100 _a20041129d1984 |||y0rusy50 ca
101 0 _arus
102 _aRU
105 _ay |||||||||
200 1 _aПравовое регулирование управления в условиях автоматизации
_eТекст лекций (для студентов-заочников)
210 _aМ.
_cМЭСИ
_d1984
215 _a79 с.
_d20
300 _aВ надзаг.: М-во высш. и сред. спец. образования СССР, Моск. экон.-стат. ин-т
320 _aБиблиогр.: с. 74-77
700 1 _aГорман
_bА.Я.
_gАркадий Яковлевич
801 0 _aRU
_bNLR
_gpsbo
801 1 _aRU
_bELAR
_2rusmarc
852 _aNLR
_j85-4/771
942 _cBOOK
980 _aNB